The last kingdom - Statistiques

Statistiques générales
  • Ce quiz a été pris 12 fois
  • Le résultat moyen est 6 sur 16
Statistiques - réponses
Par images Réponse % Correct
Uthred
100%
Alfred
75%
Beocca
50%
Brida
50%
Finan
50%
Ragnar le jeune
50%
aethelflaed
38%
Gisela
38%
Osferth
38%
Aelswith
25%
Aethelred
25%
Aethelwold
25%
Odda
25%
Hild
13%
Sihtric
13%
Thyra
13%
Aucun quiz correspondant
Distribution des résultats
% des personnes avec chaque résultat
Percentile par nombre de réponses
Votre historique - résultats
Vous n’avez pas pris ce quiz